000 01405nab a2200277 4500
003 AR-RoBPED
005 20260506101353.0
008 260506b |||||||| |||| 00| 0 spa d
040 _aAR-RoBPED
041 _aspa
100 1 _aSacks, Margarita
_925152
_eMagíster en Promoción de la Lectura y Literatura Infantil y profesora para la Enseñanza Primaria
245 1 _aCompartiendo lecturas del papel al ciberespacio.
_bVoces en la formación docente inicial /
260 _aBuenos Aires :
_bNoveduc,
_c2023
300 _a4-7 p.
500 _aSe narra una experiencia en la cual a lo largo de cuatro años las trayectorias de las estudiantes se entrelazan con sus biografías lectoras. Las intervenciones de la docente formadora resultan vitales para que las futuras maestras logren un encuentro placentero con los libros y puedan, así, transmitir el gusto por la lectura a las nuevas generaciones.
650 7 _aPRACTICA DOCENTE
_91148
650 0 _aTRAYECTORIAS EDUCATIVAS
_928187
650 7 _aPROMOCION DE LA LECTURA
_94196
650 7 _aLECTURA
_9160
650 7 _aNIVEL INICIAL
_91213
650 7 _aEXPERIENCIAS EDUCACIONALES
_918339
650 7 _aFORMACION DE DOCENTES
_91259
773 0 _020414
_941865
_dBuenos Aires : Noveduc, 1993-
_tNovedades Educativas
_w(AR-RoBPED)20414
_x03283534
942 _2udc
_cREV
_h37(05)
_mNov 86 N° 390 (Sept.2023)
_ak.32709
945 _amar 05/2026
999 _c32709
_d32709